=LDR 00000nam 2200000 4500 =001 NUTBA000000000000916 =005 20140404153926.0 =006 =007 =008 =035 ##$$a 0010-041400000000186 =082 ##$$a410 =100 ##$$akushartanti =245 ##$$apesona bahasa =260 ##$$a jakarta $b sun printing $c 2005 =440 ##$$apesona bahasa =700 ##$$akushartanti =990 ##$$a 92804/BPAP-NTB/2014